| 000 | 00533pab a2200181 454500 | ||
|---|---|---|---|
| 008 | 180718b2017 xxu||||| |||| 00| 0 eng d | ||
| 100 | _aBhatia, Shikha | ||
| 245 | _aDo promoter holding and firm performance exhibit endogenous relationship?: an analysis from emerging market of India | ||
| 260 | _c2017 | ||
| 300 | _ap.107-119. | ||
| 362 | _aMay | ||
| 650 | _aCorporate governance | ||
| 650 | _aMarkets - India | ||
| 650 | _aFirm | ||
| 700 | _aSrivastava, Aman | ||
| 773 | _aManagement and Labour Studies | ||
| 909 | _a116919 | ||
| 999 |
_c116913 _d116913 |
||